00301nam a22000977a 4500082001500000245005900015260006400074300002000138526003700158650000800195 a387.7bROL aRole of Air transpoitation in Sparsely Developed Areas aWashington D. CbU.S. Departatment of Transportation c1973 a161 P. :c28 CM a0b0c0d387_700000000000000_ROL aMCE